| 000 | 00957nam a2200229 a 4500 | ||
|---|---|---|---|
| 001 | 22757 | ||
| 005 | 20180713220714.0 | ||
| 008 | 140415s1983 mx 000 0 spa d | ||
| 020 | _a9684513666 | ||
| 041 | _aspa | ||
| 082 |
_a670 _bKAZ |
||
| 100 | 1 | _aKAZANAS, H. C. | |
| 245 | 1 | 0 | _aPROCESOS BASICOS DE MANUFACTURA |
| 250 | _a1a ed. | ||
| 260 |
_aMEXICO : _bMC GRAW HILL INTERAMERICANA DE MEXICO, _c1983 |
||
| 300 |
_a396 _cx 20.9 x 27 |
||
| 520 | _aEL PROPÓSITO DE ESTE TEXTO ES INTRODUCIR AL ESTUDIO DE LOS PROCESOS BÁSICOS DE MANUFACTURA POR MEDIO DE UNA ESTRUCTURA AMPLIA Y CONCEPTUAL, EN VEZ DE UNA METODOLOGÍA ESTRECHA Y COMPLEJA. ESTE INTENTO REFLEJA LOS CAMBIOS EN LA INDUSTRIA MODERNA EN TÉRMINOS DE PROCESOS ESPECÍFICOS Y MATERIALES, QUE CADA DÍA SE INCREMENTAN. | ||
| 650 | 1 | 4 | _aMANUFACTURAS |
| 700 | 1 |
_aNORIEGA, FRANCISCO G. _etr. |
|
| 740 | _aBASIC MANUFACTURING PROCESSES | ||
| 700 | 1 |
_aBAKER, E. GLENN _ecoaut. |
|
| 999 |
_c22757 _d22757 |
||